| 000 | 00820nam a2200217Ia 4500 | ||
|---|---|---|---|
| 003 | OSt | ||
| 005 | 20260122193507.0 | ||
| 007 | ca aa aaaaa | ||
| 008 | 201103s9999 xx 000 0 und d | ||
| 040 | _c SSBUL | ||
| 041 | _abur | ||
| 082 |
_a၂၉၄.၃ ဗုဒ် _b၉၃၀၄ S-SAT |
||
| 245 | 0 | _aဗုဒ္ဓ၏ဓမ္မအမွေများ / | |
| 260 |
_aထုတ်ဝေသည့်နေရာမပါ ၊ _bထုတ်ဝေသူမပါ၊ _cခုနှစ်မပါ။ |
||
| 300 |
_a၁၃၆ စာမျက်နှာ ၊ _c၂၁ စင်တီ။ |
||
| 500 | _aS-SAT: Dr. Prof Sai Aung Tun | ||
| 650 | _aဗုဒ္ဓဘာသာ | ||
| 650 |
_aဘုရားရှိခိုး _954793 |
||
| 650 |
_aပဋိစ္စသမုပ္ပါ _954794 |
||
| 942 |
_2ddc _cBK1 |
||
| 999 |
_c16799 _d16799 |
||